| 000 | 00509nam a2200205Ia 4500 | ||
|---|---|---|---|
| 003 | GCL | ||
| 008 | 140319s9999 xx 000 0 eng d | ||
| 040 |
_aGCL / _cGCL |
||
| 082 | 0 | 4 |
_a549 _bD A |
| 100 | 1 | _aZUSSMAN, J | |
| 245 | 1 | 0 |
_aAN INTRODUCTION TO THE ROCK - FORMING MINERALS / _cZUSSMAN, J |
| 700 | 1 | _aDEER, W.A | |
| 700 | 1 | _aHOWIE, R.A | |
| 260 |
_a[S.N] : _bELBS LONGMAN ، _c1992 |
||
| 300 | _a696 P | ||
| 650 | 0 | 4 | _aGEOLOGY |
| 650 | 0 | 4 | _aMINERALOGY |
| 650 | 0 | 4 | _aPETROLOGY |
| 942 |
_2ddc _cBK |
||
| 999 |
_c20360 _d20360 |
||